000
00228nam a22000977a 4500
999
_c
260734
_d
260733
020
_a
9781465409676
100
_a
Sophie la girafe
245
_a
Sophie's Busy Day
260
_a
New York
_b
Dorling Kindersley Publisher
942
_c
BK